| 000 | 00321nam a22001337a 4500 | ||
|---|---|---|---|
| 020 | _a978-1-84488-692-2 | ||
| 082 |
_a823 _bLAD/L |
||
| 100 | _aLADY BIRD | ||
| 245 |
_aTHE BEAST OF BABBLERBROOK _bLITTLE RED TRACTOR |
||
| 260 |
_aUK _bLADY BIRD _cLADY BIRD |
||
| 300 | _a29 | ||
| 650 |
_aENGLISH SHORT STORY _zUK |
||
| 942 | _cBK | ||
| 999 |
_c2317 _d2317 |
||